000 00256nam a22001097a 4500
008 240711b |||||||| |||| 00| 0 eng d
100 _aDayaram, Gidumal
_916878
245 _aSadhu Hiranand
260 _c1961
_bGuru Swaroop;
300 _a180p.
942 _cBK
999 _c40015
_d40015